000 00949cam a22002414a 4500
001 11863888
005 20241029171145.0
008 991209s2000 mdu b 001 0 eng
020 _a9780735517158
050 0 0 _aKF2979
_b.I432 2000
082 0 0 _a346.7304/8
_221
100 1 _aMerges, Robert P.
245 1 0 _aIntellectual property in the new technological age /
_cRobert P. Merges, Peter S. Menell, Mark A. Lemley.
260 _aNew York City:
_bAspen Law & Business,
_cc2000.
300 _aix, 494 pages. ;
_c25 cm. +
_eteacher's manual.
500 _aRev. ed. of: Intellectual property in the new technological age / Robert P. Merges ... [et al.]. c1997.
500 _aAccompanied by: Case and statutory supplements.
650 0 _aIntellectual property
_zUnited States.
650 0 _aTechnological innovations
_xLaw and legislation
_zUnited States.
700 1 _aMenell, Peter Seth.
700 1 _aLemley, Mark A.,
_d1966-
942 _2lcc
_cBK
_n0
999 _c352
_d352